000 00797nam a2200229 u 4500
005 20221011063553.0
008 090923s1987 es r 000 0 spa d
020 _a8474322928
035 _aUPN01000172466
049 _aCG
050 4 _aQ335.5
_bF7.4
100 1 _aFriant, Jean
245 1 0 _aJuegos lógicos en el mundo de la inteligencia artificial /
_cJean Friant, Yvon L'Hospitalier ; tr. Margarita Mizraji.
260 _aBarcelona, Esp. :
_bGedisa,
_c1987.
300 _a192 p. :
_bil.
440 0 _aExpertos.
_pJuegos educativos ;
_v10
534 _pTítulo original:
_tJeux-probèmes : de la logique à l'intélligence artificielle
650 2 _aInteligencia artificial
_95343
650 0 _aRecreaciones matemáticas
_96050
700 1 _aL'Hospitalier, Yvon,
_ecoaut
905 _aLibro
999 _c144570
_d144570